| 000 | 00459nam a22001697a 4500 | ||
|---|---|---|---|
| 999 |
_c163359 _d163359 |
||
| 005 | 20190411122013.0 | ||
| 010 | _aA-806230 | ||
| 020 |
_a8186190368 _c95.00 |
||
| 035 | _aA-806230 | ||
| 037 | _bSports Publications | ||
| 082 | _a794.72 | ||
| 100 | _aThani, Lokesh | ||
| 245 |
_aSkills & Tactics : _bBillards / _cLokesh Thani |
||
| 260 |
_aDelhi _bSports Publications _c1996 |
||
| 300 |
_a55p. _c20cm(hbk) |
||
| 942 |
_2ddc _cEN _h794.72 _mTHA |
||